| 000 | 00824nam a22002177a 4500 | ||
|---|---|---|---|
| 999 |
_c14414 _d14414 |
||
| 003 | AR-CdUCM | ||
| 008 | 190423b ||||| |||| 00| 0 spa d | ||
| 040 |
_aMUNICIPALIDAD PROVINCIAL DEL CUSCO _cBIBLIOTECA MUNICIPAL DEL CUSCO |
||
| 082 |
_a985.61 / _bV39 |
||
| 100 |
_aVera Alatrista, Carlos _933173 |
||
| 245 | _aInti raymi 85 Cusco / | ||
| 260 |
_aCusco : _bOffset graphicolor, _c1985. |
||
| 300 |
_a31 páginas ; _c15 cm. |
||
| 505 | _aContenido : Suma y compendio de la historia del Cusco -- El papel de las nacionalidades en la forja de la nación peruana -- Programa general de las festividades del Cusco - 1985 ... | ||
| 650 |
_aFiestas del Cusco _913258 |
||
| 650 |
_aPrograma general _933174 |
||
| 650 |
_aHistoria _9136 |
||
| 700 |
_aVargas, Walter _933175 |
||
| 942 |
_2ddc _cLIBROS |
||
| 945 |
_arah _d23/04/2019 |
||